| 000 | 00420nam a22001577a 4500 | ||
|---|---|---|---|
| 999 |
_c18315 _d18315 |
||
| 008 | 200721b xxu||||| |||| 00| 0 eng d | ||
| 020 | _a1292215763 | ||
| 050 |
_aHB172.5 _b.W55 2018 c.1 |
||
| 100 | _aWilliamson, Stephen D. | ||
| 245 |
_aMacroeconomics _cStephen D. Williamson |
||
| 250 |
_a6th ed. _bGlobal edition |
||
| 260 |
_aUK _bPearson _c2018 |
||
| 300 | _a731p. | ||
| 650 | _aMacroeconomics | ||
| 942 |
_2lcc _cBK |
||